Statistics for Five Biggest Cities by Majority Spoken Language #1

Click here to take the quiz!

General Stats

  • This quiz has been taken 1,014 times
  • The average score is 26 of 40

Answer Stats

LanguagePopulationCity% Correct
English22.2 milNew York City
99%
English14.5 milLondon
97%
English17.7 milLos Angeles
97%
Mandarin20.7 milBeijing
96%
French11.3 milParis
96%
Korean24.8 milSeoul
96%
Italian3.6 milRome
95%
Portuguese12.7 milRio de Janeiro
94%
Mandarin31.3 milShanghai
94%
Ukrainian3.4 milKiev
92%
Italian5.15 milMilan
92%
Portuguese21.9 milSão Paulo
92%
English9.8 milChicago
89%
Italian4.25 milNaples
87%
Korean2.85 milPyongyang
78%
Korean4.2 milBusan
72%
Urdu25.1 milKarachi
72%
Italian1.67 milTurin
69%
Urdu10.5 milLahore
65%
Portuguese4.95 milBelo Horizonte
63%
French10.9 milKinshasa
60%
Ukrainian1.09 milOdessa
60%
Mandarin11.8 milTianjin
58%
English8.4 milWashington, D.C.
58%
Italian648,260Palermo
57%
Ukrainian1.46 milDonetsk
50%
Portuguese4.075 milPorto Alegre
49%
Ukrainian1.65 milKharkiv
48%
Mandarin10.1 milXiamen
48%
Mandarin9.75 milChengdu
47%
Portuguese7.45 milLuanda
47%
French4.125 milMontréal
45%
Korean2.775 milDaegu
39%
Ukrainian1.38 milDnepropetrovsk
37%
French3.4 milDakar
35%
French5.2 milAbidjan
34%
Urdu2.5 milHyderabad
30%
Urdu3.95 milRawalpindi
28%
Korean1.61 milDaejeon
15%
Urdu1.2 milQuetta
15%

Score Distribution

Percentile by Number Answered

Percent of People with Each Score

Your Score History

You have not taken this quiz